000 00465nam a2200169Ia 4500
003 GCL
008 140319s9999 xx 000 0 ara d
040 _aGCL /
_cGCL
082 0 4 _a111.84
_bد ف
100 1 _aدكنسون، لويز
245 1 0 _aفلسفة الخير /
_cدكنسون، لويز
700 1 _aرمزى حليم يس
300 _a267
490 _aالالف كتاب
_v0
650 0 4 _aالفلسفة , الخير والشر
942 _2ddc
_cBK
999 _c43566
_d43566